000 00271pam a2200121 a 4500
020 _c
041 _aeng
100 _aW.W.A.M.
245 _aScience In Technology
_hTextual Documents
260 _a[s.l]:
_bHumphery Milford Oxford Uni.
300 _a194p.
930 _a15239
999 _c92139
_d92139